000 02759nam0a2200349 4500
001 RU\NLR\BIBL_A\011394578
005 20250626060230.0
010 _a978-5-7513-2303-5
_d150 экз.
021 _aRU
_b2017-31424
_92317
035 _a(RuMoRGB)008871458
035 _a(NLR Aleph) 011394578
090 _a13414692
_c13414692
100 _a20170526d2016 |||y0rusy50 ca
101 0 _asah
_arus
102 _aRU
105 _ac|||zzzz1|||y
200 1 _aXXI үйэҕэ саха тылын, литерэтиирэтин сайдыыта
_eсаха салаата төрүттэммитэ 75 сылыгар уонна тыл үөрэхтээхтэрэ Н. Д. Дьячковскай, П. С. Афанасьев, Н. Е. Петров, А. К. Сивцев, М. А. Черосов чинчийэр, үөрэтэр үлэлэригэр аналлаах өрөспүүбүлүкэтээҕи билим кэмпириэнсийэтин матырыйааллара, 2014 с., сэтинньи 28 күнэ
_fМ. К. Аммосов аатынан Хотугулуу-Илиҥҥи бэдэрээссийэлии үнүбэрсиэт [и др.]
_g[хомуйан оҥордулар: Г. Г. Филиппов, И. Н. Сорова, А. А. Федорова]
210 _aДьокуускай
_cСеверо-Восточный федеральный ун-т
_d2016
215 _a228 с.
_cтабл.
_d20 см
320 _aБиблиогр. в конце ст.
541 1 _aРазвитие якутского языка и литературы в XXI веке :
_eматериалы республиканской научной конференции
_zrus
606 _aФилологические науки. Художественная литература -- Языкознание -- Тюркские языки -- Северо-восточная группа языков -- Якутский язык -- Материалы конференции
_2rubbk
606 _aФилологические науки. Художественная литература -- Российская Федерация -- Якутская литература -- с 1991 г. -- История литературы. Идейно-художественные особенности литературы -- Материалы конференции
_2rubbk
686 1 _aШ163.41-0 я431
686 1 _aШ5(2=Я)64-3
702 1 _aФилиппов
_bГ. Г.
_f1944-
_gГаврил Гаврильевич
_4220
711 0 2 _aМ. К. Аммосов аатынан Хотугулуу-Илиҥҥи бэдэрээссийэлии үнүбэрсиэт
_cДьокуускай
852 _aNLR
_bОНЛ
_jЯкут./2-3781
942 _cBOOK
980 _aNBR
980 _aNB